<?xml version="1.0" encoding="UTF-8"?>
<record
    xmlns:xsi="http://www.w3.org/2001/XMLSchema-instance"
    xsi:schemaLocation="http://www.loc.gov/MARC21/slim http://www.loc.gov/standards/marcxml/schema/MARC21slim.xsd"
    xmlns="http://www.loc.gov/MARC21/slim">

  <leader>00783nam a22001577a 4500</leader>
  <controlfield tag="003">OSt</controlfield>
  <controlfield tag="005">20151025130557.0</controlfield>
  <controlfield tag="008">151025b        xxu||||| |||| 00| 0 eng d</controlfield>
  <datafield tag="040" ind1=" " ind2=" ">
    <subfield code="c">RUA</subfield>
  </datafield>
  <datafield tag="082" ind1=" " ind2=" ">
    <subfield code="a">AVM PHA 2013 B109 Or.1</subfield>
  </datafield>
  <datafield tag="100" ind1=" " ind2=" ">
    <subfield code="9">2857</subfield>
    <subfield code="a">PHAT, SOPHAL.</subfield>
  </datafield>
  <datafield tag="245" ind1=" " ind2=" ">
    <subfield code="a">Effect of ivomec and vetamactin on gastrointestinal parasite of  swine in chbamorm district kompong speu province, &#x1794;&#x17D2;&#x179A;&#x179F;&#x17B7;&#x1791;&#x17D2;&#x1792;&#x1797;&#x17B6;&#x1796; IVOMEV &#x1793;&#x17B7;&#x1784; VETMACTIN &#x179B;&#x17BE;&#x1780;&#x17B6;&#x179A;&#x1791;&#x1798;&#x17D2;&#x179B;&#x17B6;&#x1780;&#x17CB;&#x1794;&#x179A;&#x17B6;&#x179F;&#x17B7;&#x178F;&#x1793;&#x17C5;&#x1780;&#x17D2;&#x1793;&#x17BB;&#x1784;&#x1780;&#x17D2;&#x179A;&#x1796;&#x17C7;&#x1796;&#x17C4;&#x17C7;&#x179C;&#x17C0;&#x1793;&#x179A;&#x1794;&#x179F;&#x17CB;&#x1787;&#x17D2;&#x179A;&#x17BC;&#x1780;&#x1798;&#x17C1;&#x1793;&#x17C5;&#x1780;&#x17D2;&#x1793;&#x17BB;&#x1784;&#x179F;&#x17D2;&#x179A;&#x17BB;&#x1780;&#x1785;&#x17D2;&#x1794;&#x17B6;&#x179A;&#x1798;&#x1793; &#x1781;&#x17C1;&#x178F;&#x17D2;&#x178F;&#x1780;&#x17C6;&#x1796;&#x1784;&#x17CB;&#x179F;&#x17D2;&#x1796;&#x17BA;</subfield>
  </datafield>
  <datafield tag="260" ind1=" " ind2=" ">
    <subfield code="a">Phnom Penh</subfield>
    <subfield code="b">RUA</subfield>
    <subfield code="c">2013</subfield>
  </datafield>
  <datafield tag="300" ind1=" " ind2=" ">
    <subfield code="a">viii; 40p.</subfield>
    <subfield code="b">ill.</subfield>
    <subfield code="c">29cm.</subfield>
  </datafield>
  <datafield tag="942" ind1=" " ind2=" ">
    <subfield code="2">ddc</subfield>
    <subfield code="c">AVM</subfield>
  </datafield>
  <datafield tag="999" ind1=" " ind2=" ">
    <subfield code="c">2675</subfield>
    <subfield code="d">2675</subfield>
  </datafield>
  <datafield tag="952" ind1=" " ind2=" ">
    <subfield code="0">0</subfield>
    <subfield code="1">0</subfield>
    <subfield code="2">ddc</subfield>
    <subfield code="4">0</subfield>
    <subfield code="6">AVM_PHA_2013_000000000000000_B109_OR_1</subfield>
    <subfield code="7">0</subfield>
    <subfield code="9">12621</subfield>
    <subfield code="a">LBB</subfield>
    <subfield code="b">LBB</subfield>
    <subfield code="c">B109</subfield>
    <subfield code="d">2015-10-25</subfield>
    <subfield code="o">AVM PHA 2013 B109 Or.1</subfield>
    <subfield code="p">RUA016408</subfield>
    <subfield code="r">2015-10-25</subfield>
    <subfield code="w">2015-10-25</subfield>
    <subfield code="y">AVM</subfield>
  </datafield>
  <datafield tag="952" ind1=" " ind2=" ">
    <subfield code="0">0</subfield>
    <subfield code="1">0</subfield>
    <subfield code="2">ddc</subfield>
    <subfield code="4">0</subfield>
    <subfield code="6">AVM_PHA_2013_000000000000000_B109_OR_2</subfield>
    <subfield code="7">0</subfield>
    <subfield code="9">12622</subfield>
    <subfield code="a">LBB</subfield>
    <subfield code="b">LBB</subfield>
    <subfield code="c">B109</subfield>
    <subfield code="d">2015-10-25</subfield>
    <subfield code="l">2</subfield>
    <subfield code="m">3</subfield>
    <subfield code="o">AVM PHA 2013 B109 Or.2</subfield>
    <subfield code="p">RUA016480</subfield>
    <subfield code="r">2016-06-06</subfield>
    <subfield code="s">2016-05-06</subfield>
    <subfield code="w">2015-10-25</subfield>
    <subfield code="y">AVM</subfield>
  </datafield>
  <datafield tag="952" ind1=" " ind2=" ">
    <subfield code="0">0</subfield>
    <subfield code="1">0</subfield>
    <subfield code="2">ddc</subfield>
    <subfield code="4">0</subfield>
    <subfield code="6">AVM_PHA_2013_000000000000000_B109_OR_3</subfield>
    <subfield code="7">0</subfield>
    <subfield code="9">12623</subfield>
    <subfield code="a">LBB</subfield>
    <subfield code="b">LBB</subfield>
    <subfield code="c">B109</subfield>
    <subfield code="d">2015-10-25</subfield>
    <subfield code="l">1</subfield>
    <subfield code="o">AVM PHA 2013 B109 Or.3</subfield>
    <subfield code="p">RUA017869</subfield>
    <subfield code="r">2017-01-31</subfield>
    <subfield code="s">2017-01-23</subfield>
    <subfield code="w">2015-10-25</subfield>
    <subfield code="y">AVM</subfield>
  </datafield>
  <datafield tag="952" ind1=" " ind2=" ">
    <subfield code="0">0</subfield>
    <subfield code="1">0</subfield>
    <subfield code="2">ddc</subfield>
    <subfield code="4">0</subfield>
    <subfield code="6">AVM_PHA_2013_000000000000000_B109_OR_4</subfield>
    <subfield code="7">0</subfield>
    <subfield code="9">12624</subfield>
    <subfield code="a">LBB</subfield>
    <subfield code="b">LBB</subfield>
    <subfield code="c">B109</subfield>
    <subfield code="d">2015-10-25</subfield>
    <subfield code="o">AVM PHA 2013 B109 Or.4</subfield>
    <subfield code="p">RUA017797</subfield>
    <subfield code="r">2015-10-25</subfield>
    <subfield code="w">2015-10-25</subfield>
    <subfield code="y">AVM</subfield>
  </datafield>
  <datafield tag="952" ind1=" " ind2=" ">
    <subfield code="0">0</subfield>
    <subfield code="1">0</subfield>
    <subfield code="2">ddc</subfield>
    <subfield code="4">0</subfield>
    <subfield code="6">AVM_PHA_2013_000000000000000_B109_OR_5</subfield>
    <subfield code="7">0</subfield>
    <subfield code="9">12625</subfield>
    <subfield code="a">LBB</subfield>
    <subfield code="b">LBB</subfield>
    <subfield code="c">B109</subfield>
    <subfield code="d">2015-10-25</subfield>
    <subfield code="o">AVM PHA 2013 B109 Or.5</subfield>
    <subfield code="p">RUA017915</subfield>
    <subfield code="r">2015-10-25</subfield>
    <subfield code="w">2015-10-25</subfield>
    <subfield code="y">AVM</subfield>
  </datafield>
  <datafield tag="952" ind1=" " ind2=" ">
    <subfield code="0">0</subfield>
    <subfield code="1">0</subfield>
    <subfield code="2">ddc</subfield>
    <subfield code="4">0</subfield>
    <subfield code="6">AVM_PHA_2013_000000000000000_B109_OR_6</subfield>
    <subfield code="7">0</subfield>
    <subfield code="9">12626</subfield>
    <subfield code="a">LBB</subfield>
    <subfield code="b">LBB</subfield>
    <subfield code="c">B109</subfield>
    <subfield code="d">2015-10-25</subfield>
    <subfield code="o">AVM PHA 2013 B109 Or.6</subfield>
    <subfield code="p">RUA017987</subfield>
    <subfield code="r">2015-10-25</subfield>
    <subfield code="w">2015-10-25</subfield>
    <subfield code="y">AVM</subfield>
  </datafield>
  <datafield tag="952" ind1=" " ind2=" ">
    <subfield code="0">0</subfield>
    <subfield code="1">0</subfield>
    <subfield code="2">ddc</subfield>
    <subfield code="4">0</subfield>
    <subfield code="6">AVM_PHA_2013_000000000000000_B109_OR_7</subfield>
    <subfield code="7">0</subfield>
    <subfield code="9">12627</subfield>
    <subfield code="a">LBB</subfield>
    <subfield code="b">LBB</subfield>
    <subfield code="c">B109</subfield>
    <subfield code="d">2015-10-25</subfield>
    <subfield code="o">AVM PHA 2013 B109 Or.7</subfield>
    <subfield code="p">RUA017843</subfield>
    <subfield code="r">2015-10-25</subfield>
    <subfield code="w">2015-10-25</subfield>
    <subfield code="y">AVM</subfield>
  </datafield>
  <datafield tag="952" ind1=" " ind2=" ">
    <subfield code="0">0</subfield>
    <subfield code="1">0</subfield>
    <subfield code="2">ddc</subfield>
    <subfield code="4">0</subfield>
    <subfield code="6">AVM_PHA_2013_000000000000000_B109_OR_8</subfield>
    <subfield code="7">0</subfield>
    <subfield code="9">12628</subfield>
    <subfield code="a">LBB</subfield>
    <subfield code="b">LBB</subfield>
    <subfield code="c">B109</subfield>
    <subfield code="d">2015-10-25</subfield>
    <subfield code="o">AVM PHA 2013 B109 Or.8</subfield>
    <subfield code="p">RUA017771</subfield>
    <subfield code="r">2015-10-25</subfield>
    <subfield code="w">2015-10-25</subfield>
    <subfield code="y">AVM</subfield>
  </datafield>
  <datafield tag="952" ind1=" " ind2=" ">
    <subfield code="0">0</subfield>
    <subfield code="1">0</subfield>
    <subfield code="2">ddc</subfield>
    <subfield code="4">0</subfield>
    <subfield code="6">AVM_PHA_2013_000000000000000_B1_230_OR_1</subfield>
    <subfield code="7">0</subfield>
    <subfield code="9">79423</subfield>
    <subfield code="a">LBB</subfield>
    <subfield code="b">LBB</subfield>
    <subfield code="c">B1.230</subfield>
    <subfield code="d">2019-07-15</subfield>
    <subfield code="o">AVM PHA 2013 B1.230 Or.1</subfield>
    <subfield code="p">A37348</subfield>
    <subfield code="r">2019-07-15</subfield>
    <subfield code="w">2019-07-15</subfield>
    <subfield code="y">AVM</subfield>
  </datafield>
  <datafield tag="952" ind1=" " ind2=" ">
    <subfield code="0">0</subfield>
    <subfield code="1">0</subfield>
    <subfield code="2">ddc</subfield>
    <subfield code="4">0</subfield>
    <subfield code="6">AVM_PHA_2013_000000000000000_B1_230_OR_1</subfield>
    <subfield code="7">0</subfield>
    <subfield code="9">79447</subfield>
    <subfield code="a">LBB</subfield>
    <subfield code="b">LBB</subfield>
    <subfield code="c">B1.230</subfield>
    <subfield code="d">2019-07-15</subfield>
    <subfield code="o">AVM PHA 2013 B1.230 Or.1</subfield>
    <subfield code="p">A38002</subfield>
    <subfield code="r">2019-07-15</subfield>
    <subfield code="w">2019-07-15</subfield>
    <subfield code="y">AVM</subfield>
  </datafield>
</record>
